Moduly CRM systému pre firmu zaoberajúcu sa vývojom aplikácií

Uložené v:
Podrobná bibliografia
Hlavný autor: Križo, Martin (Autor)
Ďalší autori: Nemlaha, Eduard (Vedúci práce)
Médium: Rukopis Kniha
Jazyk:Slovak
Vydavateľské údaje: 2017
Predmet:
On-line prístup:http://is.stuba.sk/zp/portal_zp.pl?podrobnosti=115038
Tagy: Pridať tag
Žiadne tagy, Buďte prvý, kto otaguje tento záznam!

MARC

LEADER 00000ntm a22000003a 4500
001 stuzp61057
003 SK-STU
005 20170701210438.6
007 ta
008 150427s2015----xo-----f-mn---000-0-slo-d
040 |a STU  |b slo 
041 0 |a slo 
100 1 |a Križo, Martin  |u 066000  |4 aut  |U MTF Materiálovotechnologická fakulta  |T MTF Ústav aplikovanej informatiky, automatizácie a mechatroniky  |X 73383  |U M6000  |Y 86  |7 73383 
242 0 1 |a Modules of CRM system for applications development company  |y eng 
245 1 0 |a Moduly CRM systému pre firmu zaoberajúcu sa vývojom aplikácií 
260 |c 2017 
650 4 |a CRM systém  |2 slo 
650 4 |a databáza  |2 slo 
650 4 |a aplikácia  |2 slo 
650 4 |a web  |2 slo 
650 4 |a internet  |2 slo 
650 4 |a informačný systém  |2 slo 
650 4 |a database  |2 eng 
650 4 |a web  |2 eng 
650 4 |a internet  |2 eng 
650 4 |a information system  |2 eng 
650 4 |a CRM system  |2 eng 
650 4 |a application  |2 eng 
700 1 |a Nemlaha, Eduard  |u 066000  |k Z1  |4 ths  |U MTF Materiálovotechnologická fakulta  |T MTF Ústav aplikovanej informatiky, automatizácie a mechatroniky  |X 2759  |U M6000  |Y 86  |7 A000002759 
856 4 |u http://is.stuba.sk/zp/portal_zp.pl?podrobnosti=115038 
996 |c M* BP-8016  |l MMSKP  |s P  |a 0  |w stuzp61057_0001